| 000 -LEADER |
| fixed length control field |
01174cam a2200301 a 4500 |
| 001 - CONTROL NUMBER |
| control field |
16834636 |
| 005 - DATE AND TIME OF LATEST TRANSACTION |
| control field |
20221107153358.0 |
| 008 - FIXED-LENGTH DATA ELEMENTS--GENERAL INFORMATION |
| fixed length control field |
110615s2010 paua 001 0 eng |
| 010 ## - LIBRARY OF CONGRESS CONTROL NUMBER |
| LC control number |
2011025451 |
| 020 ## - INTERNATIONAL STANDARD BOOK NUMBER |
| International Standard Book Number |
9781451113426 X |
| 020 ## - INTERNATIONAL STANDARD BOOK NUMBER |
| International Standard Book Number |
1451113420 X |
| 041 ## - LANGUAGE CODE |
| Language code of text/sound track or separate title |
eng |
| 080 ## - UNIVERSAL DECIMAL CLASSIFICATION NUMBER |
| Universal Decimal Classification number |
611.013 S-12 |
| 082 00 - DEWEY DECIMAL CLASSIFICATION NUMBER |
| Classification number |
612.6/4 |
| Edition number |
23 |
| 100 1# - MAIN ENTRY--PERSONAL NAME |
| Personal name |
Sadler, T. W. |
| Fuller form of name |
(Thomas W.) |
| 9 (RLIN) |
7436 |
| 245 10 - TITLE STATEMENT |
| Title |
Langman's medical embryology. |
| 250 ## - EDITION STATEMENT |
| Edition statement |
12th ed. / |
| Remainder of edition statement |
T.W. Sadler ; original illustrations by Jill Leland ; computer illustrations by Susan L. Sadler-Redmond ; scanning electron micrographs by Kathy Tosney ; ultrasound images by Nancy Chescheir and Hytham Imseis. |
| 264 ## - PRODUCTION, PUBLICATION, DISTRIBUTION, MANUFACTURE, AND COPYRIGHT NOTICE |
| Place of production, publication, distribution, manufacture |
Philadelphia : |
| Name of producer, publisher, distributor, manufacturer |
Wolters Kluwer Health/Lippincott Williams & Wilkins, |
| Date of production, publication, distribution, manufacture, or copyright notice |
c2010. |
| 300 ## - PHYSICAL DESCRIPTION |
| Extent |
xiii, 384 p. : |
| Other physical details |
ill. (some col.) ; |
| Dimensions |
26 cm. |
| 650 #0 - SUBJECT ADDED ENTRY--TOPICAL TERM |
| Topical term or geographic name entry element |
Embryology, Human |
| Form subdivision |
Textbooks. |
| 9 (RLIN) |
7437 |
| 650 #0 - SUBJECT ADDED ENTRY--TOPICAL TERM |
| Topical term or geographic name entry element |
Abnormalities, Human |
| Form subdivision |
Textbooks. |
| 9 (RLIN) |
7438 |
| 650 12 - SUBJECT ADDED ENTRY--TOPICAL TERM |
| Topical term or geographic name entry element |
Embryology. |
| 9 (RLIN) |
7177 |
| 650 22 - SUBJECT ADDED ENTRY--TOPICAL TERM |
| Topical term or geographic name entry element |
Congenital Abnormalities. |
| 9 (RLIN) |
7439 |
| 653 ## - INDEX TERM--UNCONTROLLED |
| keyword |
მედიცინა |
| 653 ## - INDEX TERM--UNCONTROLLED |
| keyword |
ემბრიოლოგია |
| 700 1# - ADDED ENTRY--PERSONAL NAME |
| Personal name |
Langman, Jan. |
| Title of a work |
Medical embryology. |
| 9 (RLIN) |
7440 |
| 942 ## - ADDED ENTRY ELEMENTS (KOHA) |
| Source of classification or shelving scheme |
|
| Koha item type |
წიგნი |